000
00324nam a22001337a 4500
008
170627b xxu||||| |||| 00| 0 eng d
020
_a
9780872498624
041
_a
eng
080
_a
327
100
_a
21
101
_a
shp
245
_a
THE EVOLUTION OF THEORY IN INTERNATIONAL RELATIONS
_c
ROTHSTEIN, R.L
942
_2
udc
_c
BK
999
_c
19146
_d
19146